000 00390nam a2200169Ia 4500
008 210210b1927 xxu||||| |||| 00| 0 eng d
041 _aeng
082 _a825/1182
100 _aPEACOCK (Thomas Love)
245 _aJ B Priestly
260 _aLondon
_bMacmillan & Co. Ltd.
_c1927
650 _aPriestly
650 _aJ
650 _aB
690 _aEnglish Criticism
906 _a015496
999 _c134866
_d134866